书目信息 |
| 题名: |
建筑工程电气安装实用技术
|
|
| 作者: | 唐海 , 唐定曾 编著 | |
| 分册: | ||
| 出版信息: | 北京 金盾出版社 1999.03 |
|
| 页数: | 324页 | |
| 开本: | 32开 | |
| 丛书名: | ||
| 单 册: | ||
| 中图分类: | TU8 | |
| 科图分类: | ||
| 主题词: | 房屋建筑设备 | |
| 电子资源: | ||
| ISBN: | 7-5082-0868-4 | |
| 000 | 00624nam0 2200205 45 | |
| 001 | 0008020802 | |
| 005 | 20001122070013.3 | |
| 010 | @a7-5082-0868-4@d12.00元 | |
| 100 | @a20000802d1999 km y0chiy0120 ea | |
| 101 | 0 | @achi |
| 105 | @a z 000yy | |
| 200 | 1 | @a建筑工程电气安装实用技术@AJian Zhu Gong Cheng DianQi An Zhuang Shi Yong Ji Shu@f唐海,唐定曾编著@FTang Hai,Tang Ding Ceng Bian Zhu |
| 210 | @a北京@c金盾出版社@d1999.03 | |
| 215 | @a324页@d32开 | |
| 606 | 0 | @a房屋建筑设备 |
| 690 | @aTU8@v3 | |
| 701 | 0 | @a唐海@4编著 |
| 701 | 0 | @a唐定曾@4编著 |
| 801 | @aCN@bPftUser@c20000802 | |
| 905 | @dTU8@eT.086@b418633-637@f5 | |
| 建筑工程电气安装实用技术/唐海,唐定曾编著.-北京:金盾出版社,1999.03 |
| 324页;32开 |
| ISBN 7-5082-0868-4:12.00元 |
| ● |
| 相关链接 |
|
|
|
正题名:建筑工程电气安装实用技术
索取号:TU8/T.086
 
预约/预借
| 序号 | 登录号 | 条形码 | 馆藏地/架位号 | 状态 | 备注 |
| 1 | 418633 | 204186335 | 建筑库201/201建筑库 48排6列5层/ [索取号:TU8/T.086] | 在馆 | |
| 2 | 418634 | 204186344 | 自科二线404/404自科库 17排2列3层/ [索取号:TU8/T.086] | 在馆 | |
| 3 | 418635 | 204186353 | 自科二线404/404自科库 17排2列3层/ [索取号:TU8/T.086] | 在馆 | |
| 4 | 418636 | 204186362 | 自科二线404/404自科库 17排1列3层/ [索取号:TU8/T.086] | 在馆 | |
| 5 | 418637 | 204186371 | 自科二线404/404自科库 17排3列3层/ [索取号:TU8/T.086] | 在馆 |